<Die> Besteuerung des Künstlers und Sportlers im internationalen Verhältnis dissertation der Hochschule St. Gallen ...
Guardado en:
| Autor principal: | |
|---|---|
| Formato: | Libro |
| Lenguaje: | alemán |
| Publicado: |
St. Gallen
Die Hochschule St. Gallen
1992
|
| Materias: | |
| Etiquetas: |
Sin Etiquetas, Sea el primero en etiquetar este registro!
|
MARC
| LEADER | 00000nam a2200000 4500 | ||
|---|---|---|---|
| 001 | c105659 | ||
| 005 | 20250509093910.8 | ||
| 041 | 0 | |a ger | |
| 044 | |a CH | ||
| 245 | 1 | 0 | |a <Die> Besteuerung des Künstlers und Sportlers im internationalen Verhältnis |b dissertation der Hochschule St. Gallen ... |c Martin Grossmann |
| 264 | 1 | |a St. Gallen |b Die Hochschule St. Gallen |c 1992 | |
| 300 | |a 266 s. | ||
| 610 | 2 | 0 | |a šport |
| 610 | 2 | 0 | |a umenie |
| 610 | 2 | 0 | |a dane |
| 610 | 2 | 0 | |a zdaňovanie |
| 610 | 2 | 0 | |a internacionalizácia |
| 610 | 2 | 0 | |a spolupráca medzinárodná |
| 610 | 2 | 0 | |a zdanenie dvojité |
| 610 | 2 | 0 | |a dohody medzinárodné |
| 610 | 2 | 0 | |a povolania |
| 610 | 2 | 0 | |a sponzorovanie |
| 610 | 2 | 0 | |a štúdie prípadové |
| 610 | 2 | 0 | |a pracovníci |
| 610 | 2 | 0 | |a legislatíva |
| 610 | 2 | 0 | |a Európa |
| 610 | 2 | 0 | |a USA |
| 610 | 2 | 0 | |a Ázia |
| 100 | 1 | |a Grossmann, Martin | |